Vista normal Vista MARC

Entrada Personal Name

Número de registros utilizados en: 1

001 - CONTROL NUMBER

  • control field: 64921

003 - CONTROL NUMBER IDENTIFIER

  • control field: OSt

005 - DATE AND TIME OF LATEST TRANSACTION

  • control field: 20250912164618.0

008 - FIXED-LENGTH DATA ELEMENTS

  • fixed length control field: 250912|| aca||aabn | a|a d

040 ## - CATALOGING SOURCE

  • Original cataloging agency: OSt
  • Transcribing agency: OSt

100 ## - HEADING--PERSONAL NAME

  • Personal name: Paredes, Pedro Pablo
  • Dates associated with a name: 1917-2009

670 ## - SOURCE DATA FOUND

  • Source citation: Work cat.: (OSt)54544: Paredes, Pedro Pablo 1917-2009 autor, Pueblos del Táchira









Instituto Departamental de Cultura del Meta - Red Departamental de Bibliotecas Públicas del Meta.